[Event "Michigan op (Women)"]
[Site "Warren"]
[Date "2004.11.20"]
[Round "1"]
[White "Tabak, Alla"]
[Black "Staley, Ashley"]
[Result "1-0"]
[WhiteElo "1487"]
[BlackElo "489"]
[PlyCount "105"]
[EventDate "2004.11.20"]
[EventType "swiss"]
[EventRounds "5"]
[EventCountry "USA"]
[SourceTitle "EXT 2007"]
[Source "ChessBase"]
[SourceDate "2006.11.23"]
[SourceVersion "1"]
[SourceVersionDate "2006.11.23"]
[SourceQuality "1"]

1. c4 c5 2. Nc3 Nf6 3. g3 d5 4. cxd5 Nxd5 5. Bg2 Nxc3 6. bxc3 Nc6 7. Nf3 e5 8. d3 c4 9. 0-0 e4 10. dxe4 Qxd1 11. Rxd1 Bc5 12. Nd4 Bxd4 13. cxd4 0-0 14. Bb2 Rd8 15. d5 Nb4 16. a3 Na6 17. Bd4 Nc7 18. a4 b5 19. Be5 Rd7 20. d6 Ne8 21. Bh3 Rd8 22. Bxc8 Rdxc8 23. d7 Rc5 24. dxe8Q+ Rxe8 25. Bd4 Rc6 26. axb5 Rc7 27. Rxa7 Rxa7 28. Bxa7 h6 29. f3 c3 30. Rc1 Rc8 31. b6 Kh7 32. b7 Rd8 33. Rxc3 Rd1+ 34. Kf2 Rb1 35. b8Q Rxb8 36. Bxb8 f6 37. e5 fxe5 38. Bxe5 Kg6 39. g4 h5 40. gxh5+ Kxh5 41. Bxg7 Kg6 42. Bd4 Kf7 43. Rc6 Ke7 44. h4 Kd7 45. Rg6 Ke7 46. h5 Kf7 47. Rg7+ Ke6 48. h6 Kd5 49. Ke3 Kc4 50. h7 Kb3 51. h8Q Kc2 52. Rc7+ Kd1 53. Qh1# 1-0